I'm So Tired - The Beatles all Lyrics - Statistics

General Stats
  • This quiz has been taken 24 times
  • The average score is 138 of 204
Answer Stats
Answer % Correct
a
100%
I
100%
I'm
100%
so
100%
tired,
100%
my
92%
is
83%
on
83%
on,
83%
should
83%
the
83%
you,
83%
you?
83%
you
83%
You
83%
But
75%
do,
75%
do.
75%
it's
75%
mind
75%
mind.
75%
No,
75%
no
75%
no!
75%
say
75%
wonder,
75%
can't
67%
have
67%
haven't
67%
know
67%
me
67%
sleep,
67%
slept
67%
to
67%
You'd
67%
And
58%
don't
58%
drink?
58%
fix
58%
get
58%
joke,
58%
myself
58%
set
58%
what
58%
wink,
58%
Although
50%
another
50%
brain,
50%
call
50%
doing
50%
feeling
50%
for
50%
harm,
50%
He
50%
of
50%
putting
50%
up,
50%
cigarette.
42%
everything
42%
git.
42%
give
42%
going
42%
got
42%
I'll
42%
insane,
42%
insane!
42%
little
42%
peace
42%
stop
42%
such
42%
three
42%
upset.
42%
weeks,
42%
would
42%
I'd
33%
Sir
33%
stupid
33%
Walter
33%
blink,
25%
curse
25%
I've
25%
was
25%
Raleigh,
17%
No matching quizzes found
Score Distribution
Percent of People with Each Score
Percentile by Number Answered
Your Score History
You have not taken this quiz